Deuxieme Colloque International de Bactériologie Marine

Guardat en:
Dades bibliogràfiques
Autor corporatiu: GERBAM (Autor)
Format: Llibre
Idioma:francès
anglès
Publicat: Brest Ifremer 1986
Col·lecció:Actes de Colloques, 3
Matèries:
Etiquetes: Afegir etiqueta
Sense etiquetes, Sigues el primer a etiquetar aquest registre!

MARC

LEADER 00000nam a2200000 a 4500
001 UCP1169
003 CL-VaPUC
005 20230412074524.0
008 990401e19860000fr 1 fre d
041 0 7 |a fre  |2 CL-VaPUC 
041 0 7 |a eng  |2 CL-VaPUC 
082 0 4 |a 589.9  |b GER  |2 21 
110 2 |a GERBAM  |e author  |9 619401 
245 1 0 |a Deuxieme Colloque International de Bactériologie Marine 
246 1 0 |a Second International Colloquium of Marine Bacteriology 
260 |a Brest  |b Ifremer  |c 1986 
300 |a 671 p 
490 0 |a Actes de Colloques, 3 
583 |a last modification  |c 20171031 11:00:18  |k Rodrigo Vera 
650 0 7 |a BACTERIOLOGIA MARINA  |2 CL-VaPUC  |9 619402 
650 0 0 |a Bacteriología  |9 259330 
650 0 7 |a MICROORGANISMOS MARINOS  |2 CL-VaPUC  |9 368542 
650 0 0 |a Microbiología   |9 259706 
650 0 0 |a Sedimentos marinos   |9 260001 
650 0 0 |a Congresos  |9 257560 
942 |c BK 
945 |a rbrito  |d 19990401 00:00:00 
546 |a En Francés 
546 |a En Inglés 
536 |a GERBAM 
518 |p Colloque International de Bacteriologie Marine, 2, Brest, 1 al 5 de Octubre de 1984 
999 |c 383377  |d 383375 
952 |0 0  |1 0  |4 0  |6 589_900000000000000_GER_1986  |7 0  |8 A  |9 505475  |a BIBCUR  |b BIBCUR  |d 2020-01-23  |i 4681177  |o 589.9 GER 1986  |p 4681177  |r 2025-04-22  |w 2020-01-23  |y BK  |k BCB